000 00746nam a22002057a 4500
999 _c15683
_d15683
003 MIRAKIL
005 20240320150448.0
008 240320b tu ||||| |||| 00| 0 tur d
020 _a9789751625861
040 _aTR-AnCHP
_cTR-AnCHP
041 _atur
082 _a920
_bB9b 2013
245 1 0 _aBübüyna Oruzbayeva armağanı /
_cyayıma hazırlayan: Gülzura Cumakunova.
260 _aAnkara :
_bTürk Dil Kurumu Yayınları,
_c2013.
300 _a193 s. :
_bgrf., fotoğ. ;
_c24 cm.
490 0 _aAtatürk Kültür, Dil ve Tarih Yüksek Kurumu.Türk Dil Kurumu Yayınları ;
_v1085.
700 _97802
_aCumakunova, Gülzura
856 _zDijital Nüshası için Partimizin Kütüphane Sorumlusu ile iletişime geçiniz.
942 _2ddc
_cBKS